[Event "SLO-chT2"]
[Site "Slovenia"]
[Date "2002.??.??"]
[Round "6"]
[White "Blatnik, Tomaz"]
[Black "Mulec, Dejan"]
[Result "1-0"]
[WhiteElo "1574"]
[BlackElo "1500"]
[PlyCount "53"]
[EventDate "2002.04.07"]
[EventType "team"]
[EventRounds "9"]
[EventCountry "SLO"]
[SourceTitle "EXT 2005"]
[Source "ChessBase"]
[SourceDate "2004.11.15"]
[SourceVersion "1"]
[SourceVersionDate "2004.11.15"]
[SourceQuality "1"]

1. e4 e6 2. Nc3 d5 3. exd5 exd5 4. d4 Be6 5. Nf3 Bb4 6. Bd2 Qe7 7. Be2 Bxc3 8. Bxc3 Nd7 9. Qd2 Bg4 10. 0-0 Ngf6 11. Rae1 Ne4 12. Qf4 Ndf6 13. a3 c6 14. Bb4 Qd7 15. Ne5 Qf5 16. Qe3 Bxe2 17. Rxe2 Ng4 18. Nxg4 Qxg4 19. f3 Qg6 20. fxe4 0-0-0 21. exd5 Rxd5 22. c4 Rdd8 23. Rc1 f6 24. Qe6+ Rd7 25. d5 Kc7 26. dxc6 bxc6 27. Ba5+ 1-0

[Event "SLO-chT2"]
[Site "Slovenia"]
[Date "2002.??.??"]
[Round "7"]
[White "Japelj, Damjan"]
[Black "Blatnik, Tomaz"]
[Result "1/2-1/2"]
[WhiteElo "1751"]
[BlackElo "1574"]
[PlyCount "68"]
[EventDate "2002.04.07"]
[EventType "team"]
[EventRounds "9"]
[EventCountry "SLO"]
[SourceTitle "EXT 2005"]
[Source "ChessBase"]
[SourceDate "2004.11.15"]
[SourceVersion "1"]
[SourceVersionDate "2004.11.15"]
[SourceQuality "1"]

1. e4 e5 2. Nf3 Nc6 3. d4 exd4 4. Nxd4 Bc5 5. Be3 Nxd4 6. Bxd4 Bxd4 7. Qxd4 Qf6 8. e5 Qb6 9. Qxb6 axb6 10. Nc3 c6 11. Ne4 Nh6 12. Nd6+ Kd8 13. Bc4 f6 14. f4 fxe5 15. fxe5 Rf8 16. 0-0-0 b5 17. Bb3 Ng4 18. Rde1 Kc7 19. Nf7 c5 20. Bd5 Ra4 21. h3 Rd4 22. hxg4 Rxd5 23. Nd6 h6 24. Nxb5+ Kc6 25. Nc3 Rd4 26. Rhf1 Rxf1 27. Rxf1 b6 28. Rd1 Rxg4 29. Rd6+ Kb7 30. Nd5 Rxg2 31. Rxb6+ Ka7 32. Rb5 Rg1+ 33. Kd2 Rg2+ 34. Kc1 Rg1+ 1/2-1/2

[Event "SLO-chT2"]
[Site "Slovenia"]
[Date "2002.??.??"]
[Round "9"]
[White "Jeran, Bostjan"]
[Black "Blatnik, Tomaz"]
[Result "1-0"]
[WhiteElo "1677"]
[BlackElo "1574"]
[PlyCount "57"]
[EventDate "2002.04.07"]
[EventType "team"]
[EventRounds "9"]
[EventCountry "SLO"]
[SourceTitle "EXT 2005"]
[Source "ChessBase"]
[SourceDate "2004.11.15"]
[SourceVersion "1"]
[SourceVersionDate "2004.11.15"]
[SourceQuality "1"]

1. e4 g6 2. d4 Bg7 3. Be3 d6 4. Nc3 Nf6 5. f3 c6 6. Qd2 h6 7. Bd3 b5 8. h4 a6 9. Nh3 e5 10. dxe5 dxe5 11. Ne2 Nfd7 12. Nf2 c5 13. c4 b4 14. f4 f6 15. 0-0-0 a5 16. g4 Nc6 17. g5 h5 18. f5 gxf5 19. exf5 Bb7 20. Ne4 Qc7 21. gxf6 Bxf6 22. Bg5 Rf8 23. Bxf6 Nxf6 24. Nxc5 Rf7 25. Ne6 Qb6 26. c5 Qa7 27. Bb5 Re7 28. Qd8+ Rxd8 29. Rxd8+ 1-0